000
00154nam a22000857a 4500
082
_a
823
100
_a
MAHESH
245
_a
MORAL STORIES FOR KIDS
942
_c
BK
999
_c
8437
_d
8437